Bakerloo Line Stations - Statistics

General Stats
  • This quiz has been taken 917 times
    915 since last reset
  • The average score is 17 of 25
Answer Stats
Station % Correct
Elephant & Castle
86%
Baker Street
84%
Waterloo
83%
Embankment
79%
Oxford Circus
78%
Paddington
78%
Lambeth North
75%
Harrow & Wealdstone
74%
Piccadilly Circus
73%
Regent's Park
71%
Charing Cross
70%
Marylebone
70%
Edgware Road
69%
Kenton
68%
Wembley Central
68%
Maida Vale
66%
Queen's Park
65%
South Kenton
65%
North Wembley
62%
Warwick Avenue
60%
Willesden Junction
58%
Harlesden
56%
Kilburn Park
56%
Stonebridge Park
54%
Kensal Green
52%
No matching quizzes found
Score Distribution
Percent of People with Each Score
Percentile by Number Answered
Your Score History
You have not taken this quiz since the last reset